[Event "I SCS Open GM Chess Tournament"]
[Site "Bhubaneswar IND"]
[Date "2009.06.08"]
[Round "3"]
[White "G B, Joshi"]
[Black "Deep, Sengupta"]
[Result "1/2-1/2"]
[WhiteElo "2282"]
[BlackElo "2466"]
[PlyCount "43"]
[EventDate "2009.06.07"]
[EventType "swiss"]
[EventRounds "10"]
[EventCountry "IND"]
[Source "lmi"]
[SourceDate "2009.06.07"]

1. e4 e6 2. d4 d5 3. Nd2 Nf6 4. e5 Nfd7 5. f4 c5 6. c3 Nc6 7. Ndf3 a5 8. Bd3 a4
9. Ne2 a3 10. b3 cxd4 11. Nexd4 Nc5 12. O-O g6 13. Be3 Be7 14. Qe2 Nxd4 15.
Bxd4 Nxd3 16. Qxd3 Bd7 17. g3 Qa5 18. Rf2 h6 19. Rc1 Rc8 20. Qe3 Rc6 21. h4 Qc7
22. Nh2 1/2-1/2

[Event "I SCS Open GM Chess Tournament"]
[Site "Bhubaneswar IND"]
[Date "2009.06.08"]
[Round "3"]
[White "Shreyansh Daklia, Jain"]
[Black "Jha, Sriram"]
[Result "1/2-1/2"]
[WhiteElo "2281"]
[BlackElo "2453"]
[PlyCount "79"]
[EventDate "2009.06.07"]
[EventType "swiss"]
[EventRounds "10"]
[EventCountry "IND"]
[Source "lmi"]
[SourceDate "2009.06.07"]

1. e4 e5 2. Nf3 Nc6 3. Bb5 a6 4. Ba4 Nf6 5. d3 d6 6. O-O g6 7. c3 Bg7 8. Nbd2
O-O 9. d4 Nd7 10. Bxc6 bxc6 11. Nc4 exd4 12. cxd4 d5 13. exd5 cxd5 14. Nce5
Nxe5 15. Nxe5 c5 16. Re1 Re8 17. Bf4 cxd4 18. Qxd4 Be6 19. Qd2 Rc8 20. Rad1 Qb6
21. Be3 Qb8 22. Bd4 Bf5 23. Nf3 Bg4 24. Bxg7 Bxf3 25. gxf3 Rxe1+ 26. Rxe1 Kxg7
27. Qxd5 Qxb2 28. Qe5+ Qxe5 29. Rxe5 Rc2 30. Ra5 Rc6 31. Kg2 f5 32. Kg3 Kf6 33.
h4 Kg7 34. h5 Kf6 35. hxg6 hxg6 36. f4 Kg7 37. f3 Kh6 38. Ra3 Kh5 39. Ra5 Rd6
40. Ra3 1/2-1/2

[Event "I SCS Open GM Chess Tournament"]
[Site "Bhubaneswar IND"]
[Date "2009.06.08"]
[Round "3"]
[White "Abdul Malek, Mohammed"]
[Black "S P, Sethuraman"]
[Result "0-1"]
[WhiteElo "2279"]
[BlackElo "2451"]
[PlyCount "120"]
[EventDate "2009.06.07"]
[EventType "swiss"]
[EventRounds "10"]
[EventCountry "IND"]
[Source "lmi"]
[SourceDate "2009.06.07"]

1. d4 Nf6 2. Nf3 e6 3. c4 b6 4. g3 Ba6 5. Qc2 Bb4+ 6. Bd2 Be7 7. Bg2 O-O 8. O-O
c6 9. Bf4 d5 10. Nbd2 Nbd7 11. Rfe1 Nh5 12. e4 Nxf4 13. gxf4 Nf6 14. e5 Nh5 15.
f5 exf5 16. Qxf5 g6 17. Qc2 Nf4 18. Bf1 Bc8 19. cxd5 cxd5 20. Rac1 Bf5 21. Qb3
a6 22. a3 b5 23. Qe3 Ne6 24. Nb3 Bg4 25. Bg2 a5 26. Red1 Rc8 27. Rxc8 Qxc8 28.
Rc1 Qd8 29. Nbd2 Qd7 30. h3 Bh5 31. Kh2 Rc8 32. Rb1 b4 33. axb4 axb4 34. Ra1
Qb7 35. Bf1 Rc2 36. Qb3 Nxd4 37. Nxd4 Rxd2 38. Qe3 Rd1 39. Rxd1 Bxd1 40. Qd2
Ba4 41. Bg2 Bd7 42. Ne2 Be6 43. Nf4 Bg5 44. Qd4 Bxf4+ 45. Qxf4 Qb6 46. h4 h5
47. Kg3 d4 48. Be4 Qb5 49. Qf6 Qd7 50. Bd3 Kh7 51. Qg5 Kg8 52. f3 b3 53. Qf6
Kh7 54. Kf4 Qe8 55. Kg5 Kg8 56. f4 Qa8 57. Be4 Qf8 58. Bd3 Qg7 59. Qd8+ Kh7 60.
Qxd4 f6+ 0-1

[Event "I SCS Open GM Chess Tournament"]
[Site "Bhubaneswar IND"]
[Date "2009.06.08"]
[Round "3"]
[White "K, Rathnakaran"]
[Black "Gurpreet Pal, Singh"]
[Result "1-0"]
[WhiteElo "2427"]
[BlackElo "2268"]
[PlyCount "71"]
[EventDate "2009.06.07"]
[EventType "swiss"]
[EventRounds "10"]
[EventCountry "IND"]
[Source "lmi"]
[SourceDate "2009.06.07"]

1. e4 e6 2. d3 d5 3. Nd2 c5 4. g3 Bd6 5. Bg2 Ne7 6. f4 Nbc6 7. Ngf3 f6 8. O-O
O-O 9. Qe2 Rb8 10. c3 b5 11. a3 a5 12. b3 Bd7 13. Bb2 Be8 14. e5 fxe5 15. fxe5
Bc7 16. Ng5 Bd7 17. d4 cxd4 18. cxd4 Nf5 19. Ngf3 Bb6 20. Qd3 Qc7 21. g4 Nh6
22. Kh1 Ne7 23. Ng5 Ng6 24. Ndf3 Nxg4 25. Bh3 Nh6 26. Bxe6+ Kh8 27. Nh4 Be8 28.
Rxf8+ Nxf8 29. Rf1 Ng6 30. Nf5 Nxf5 31. Qxf5 Qe7 32. Bxd5 Rd8 33. e6 h6 34. Nf3
Bc7 35. Be4 Kg8 36. d5 1-0

[Event "I SCS Open GM Chess Tournament"]
[Site "Bhubaneswar IND"]
[Date "2009.06.08"]
[Round "3"]
[White "Sundar M, Shyam"]
[Black "Debaraj, Chatterjee"]
[Result "1/2-1/2"]
[WhiteElo "2424"]
[BlackElo "2248"]
[PlyCount "109"]
[EventDate "2009.06.07"]
[EventType "swiss"]
[EventRounds "10"]
[EventCountry "IND"]
[Source "lmi"]
[SourceDate "2009.06.07"]

1. e4 c5 2. Nf3 d6 3. d4 cxd4 4. Qxd4 a6 5. Be3 Nc6 6. Qd2 g6 7. Nc3 Bg7 8. Nd5
Kf8 9. Bb6 Qd7 10. O-O-O Nf6 11. Nxf6 Bxf6 12. Nd4 Kg7 13. Bc4 Qg4 14. f4 Re8
15. h3 Qg3 16. Nf3 e5 17. Be3 Nd4 18. Rhf1 Be6 19. fxe5 dxe5 20. Nxd4 Bxc4 21.
Bh6+ Kg8 22. Rxf6 exd4 23. Qxd4 Qe5 24. Rd6 Bb5 25. Qxe5 Rxe5 26. Rd8+ Re8 27.
Rxa8 Rxa8 28. e5 Re8 29. Bf4 Kg7 30. Re1 Bc6 31. g3 Bd7 32. Bg5 Bxh3 33. Bf6+
Kg8 34. Re4 h5 35. Kd2 Kh7 36. Rc4 Rc8 37. Rb4 Rc7 38. Ke3 Kh6 39. Kf4 Be6 40.
a4 Rd7 41. c3 Rc7 42. Rb6 Rc4+ 43. Ke3 Rc7 44. Rd6 g5 45. Rd8 Rc8 46. Rd6 Kg6
47. a5 Kf5 48. Rd4 Rc4 49. Rd8 Rg4 50. Kf2 h4 51. gxh4 Rxh4 52. Rg8 Ke4 53.
Rxg5 Rh2+ 54. Rg2 Rxg2+ 55. Kxg2 1/2-1/2

[Event "I SCS Open GM Chess Tournament"]
[Site "Bhubaneswar IND"]
[Date "2009.06.08"]
[Round "3"]
[White "G A, Stany"]
[Black "M  S, Thejkumar"]
[Result "1-0"]
[WhiteElo "2269"]
[BlackElo "2420"]
[PlyCount "63"]
[EventDate "2009.06.07"]
[EventType "swiss"]
[EventRounds "10"]
[EventCountry "IND"]
[Source "lmi"]
[SourceDate "2009.06.07"]

1. e4 Nf6 2. e5 Nd5 3. d4 d6 4. c4 Nb6 5. exd6 exd6 6. Nf3 Be7 7. Be2 O-O 8. h3
Re8 9. O-O Bf6 10. Nc3 Nc6 11. Be3 d5 12. c5 Nc4 13. Bxc4 dxc4 14. Qa4 Be6 15.
Rfd1 Ne7 16. Nd2 Nf5 17. Nxc4 Bxc4 18. Qxc4 Rxe3 19. fxe3 Nxe3 20. Qd3 Nxd1 21.
Rxd1 b6 22. Qe4 bxc5 23. dxc5 Qf8 24. Qc4 Rd8 25. Rf1 Rd4 26. Qb5 Be7 27. Re1
Bxc5 28. Kh1 Rd8 29. Qc6 Bd6 30. Nd5 Bg3 31. Re3 Qd6 32. Re8+ 1-0

[Event "I SCS Open GM Chess Tournament"]
[Site "Bhubaneswar IND"]
[Date "2009.06.08"]
[Round "3"]
[White "Sharma, Himanshu"]
[Black "Pabitra M, Mohanty"]
[Result "1-0"]
[WhiteElo "2403"]
[BlackElo "2247"]
[PlyCount "117"]
[EventDate "2009.06.07"]
[EventType "swiss"]
[EventRounds "10"]
[EventCountry "IND"]
[Source "lmi"]
[SourceDate "2009.06.07"]

1. e4 Nf6 2. e5 Nd5 3. d4 d6 4. c4 Nb6 5. exd6 cxd6 6. Nc3 g6 7. Be3 Bg7 8. Rc1
Nc6 9. b3 O-O 10. Nf3 Bg4 11. d5 Ne5 12. Be2 Nxf3+ 13. Bxf3 Bxf3 14. Qxf3 Nd7
15. O-O f5 16. Qg3 Qa5 17. Bf4 Nf6 18. Qd3 Ne4 19. Nxe4 fxe4 20. Qd2 Qxd2 21.
Bxd2 e6 22. dxe6 Rae8 23. Rfe1 Rxe6 24. Re2 Rf5 25. Rce1 Bd4 26. Be3 Bxe3 27.
Rxe3 d5 28. cxd5 Rxd5 29. f3 Rd2 30. a4 exf3 31. Rxe6 f2+ 32. Kf1 fxe1=Q+ 33.
Rxe1 Rb2 34. Re3 Kf7 35. h3 Kf6 36. Kg1 h5 37. h4 Kf5 38. Kh2 a6 39. Rf3+ Ke6
40. Re3+ Kf6 41. Kg3 Kf5 42. Rc3 Ke5 43. Kh3 b6 44. Kh2 Kf5 45. Rf3+ Ke5 46.
Re3+ Kf5 47. Rc3 Ke5 48. Rc6 Rxb3 49. Rxg6 Rb4 50. Kh3 a5 51. Rh6 Kf4 52. g3+
Ke4 53. Rxh5 Rxa4 54. Rg5 Rb4 55. h5 Rb1 56. Kg4 a4 57. h6 a3 58. h7 Rh1 59.
Rh5 1-0

[Event "I SCS Open GM Chess Tournament"]
[Site "Bhubaneswar IND"]
[Date "2009.06.08"]
[Round "3"]
[White "Ali, Mohammad"]
[Black "Roy, Saptarshi"]
[Result "0-1"]
[WhiteElo "2253"]
[BlackElo "2396"]
[PlyCount "130"]
[EventDate "2009.06.07"]
[EventType "swiss"]
[EventRounds "10"]
[EventCountry "IND"]
[Source "lmi"]
[SourceDate "2009.06.07"]

1. e4 d5 2. exd5 Qxd5 3. Nc3 Qa5 4. d4 Nf6 5. Nf3 c6 6. Bc4 Bf5 7. Bd2 e6 8.
Nd5 Qd8 9. Nxf6+ gxf6 10. Bb3 Qc7 11. Qe2 Nd7 12. O-O-O O-O-O 13. Nh4 Bg6 14.
f4 f5 15. h3 Nf6 16. Qe5 Be7 17. Nxg6 hxg6 18. Rhe1 Ne4 19. Rxe4 fxe4 20. Qxe4
Kb8 21. Be3 Rh4 22. Qf3 Rhh8 23. c3 c5 24. d5 c4 25. Bc2 exd5 26. Rxd5 Rxd5 27.
Qxd5 Bf6 28. Bd1 Re8 29. Qf3 Qa5 30. Kb1 Qf5+ 31. Bc2 Qe6 32. Bc1 Qc6 33. Qxc6
bxc6 34. Bd1 Kc7 35. Kc2 Bh4 36. Bf3 Bg3 37. Bd2 f5 38. Kd1 Kb6 39. Be2 Kc5 40.
Bf3 Bf2 41. b4+ cxb3 42. axb3 Be3 43. Bxe3+ Rxe3 44. Kd2 Re7 45. Kd3 a5 46. Kd2
Rb7 47. Kc2 Ra7 48. Kd3 a4 49. bxa4 Rxa4 50. g3 Ra1 51. g4 Ra4 52. gxf5 gxf5
53. Ke3 Rc4 54. Be2 Rxc3+ 55. Bd3 Kd5 56. h4 c5 57. Kd2 Kd4 58. Bxf5 Rf3 59. h5
Rxf4 60. Bg6 Rf2+ 61. Kc1 Rh2 62. Kb1 Kc3 63. Bf7 c4 64. Bg6 Kb3 65. Kc1 Rh1+
0-1

[Event "I SCS Open GM Chess Tournament"]
[Site "Bhubaneswar IND"]
[Date "2009.06.09"]
[Round "4"]
[White "Igor, Kurnosov"]
[Black "Roy, Saptarshi"]
[Result "1-0"]
[WhiteElo "2658"]
[BlackElo "2396"]
[PlyCount "63"]
[EventDate "2009.06.07"]
[EventType "swiss"]
[EventRounds "10"]
[EventCountry "IND"]
[Source "lmi"]
[SourceDate "2009.06.07"]

1. e4 e5 2. Bc4 Nf6 3. d3 Nc6 4. Nf3 Be7 5. O-O O-O 6. Re1 d6 7. a4 Na5 8. Ba2
c5 9. Nbd2 h6 10. c3 Nc6 11. Nc4 Re8 12. Bd2 Bf8 13. b4 cxb4 14. cxb4 d5 15.
exd5 Nxb4 16. Bxb4 Bxb4 17. Rxe5 Rxe5 18. Nfxe5 Nxd5 19. Nxf7 Kxf7 20. Ne3 Be6
21. Nxd5 Bd6 22. Qf3+ Kg8 23. Re1 Bxd5 24. Bxd5+ Kh8 25. Bxb7 Rb8 26. g3 Qb6
27. Bc6 Rf8 28. Re8 Rxe8 29. Bxe8 Qd4 30. Bg6 Qf6 31. Qa8+ Qf8 32. Qxa7 1-0

[Event "I SCS Open GM Chess Tournament"]
[Site "Bhubaneswar IND"]
[Date "2009.06.09"]
[Round "4"]
[White "Georgy, Timoshenko"]
[Black "In Ahmed, Minhazud"]
[Result "1-0"]
[WhiteElo "2550"]
[BlackElo "2382"]
[PlyCount "44"]
[EventDate "2009.06.07"]
[EventType "swiss"]
[EventRounds "10"]
[EventCountry "IND"]
[Source "lmi"]
[SourceDate "2009.06.07"]

1. e4 e5 2. Nf3 Nf6 3. Nxe5 d6 4. Nf3 Nxe4 5. Nc3 Nxc3 6. dxc3 Nc6 7. Bf4 Be7
8. Qd2 Bg4 9. Be2 Qd7 10. O-O-O a6 11. h3 Be6 12. Kb1 O-O-O 13. Ng5 Bxg5 14.
Bxg5 f6 15. Be3 Qf7 16. g4 f5 17. f4 g6 18. g5 h5 19. Bf3 Rd7 20. Rhe1 Rhd8 21.
Qg2 Kb8 22. Bg1 b6 1-0

[Event "I SCS Open GM Chess Tournament"]
[Site "Bhubaneswar IND"]
[Date "2009.06.09"]
[Round "4"]
[White "Srinath, Narayanan"]
[Black "Anuar, Ismagambetov"]
[Result "1-0"]
[WhiteElo "2381"]
[BlackElo "2525"]
[PlyCount "79"]
[EventDate "2009.06.07"]
[EventType "swiss"]
[EventRounds "10"]
[EventCountry "IND"]
[Source "lmi"]
[SourceDate "2009.06.07"]

1. e4 e5 2. Nf3 Nc6 3. Bc4 Bc5 4. c3 Nf6 5. d3 d6 6. O-O h6 7. Re1 O-O 8. h3 a5
9. Nbd2 Be6 10. Bb5 Bb6 11. Nc4 Bxc4 12. Bxc4 Ne7 13. Nh4 g5 14. Nf3 Ng6 15.
Nh2 Kh7 16. g3 Qd7 17. Qf3 Kg7 18. h4 Nh7 19. hxg5 Nxg5 20. Qh5 f5 21. Bxg5
hxg5 22. Qxg5 Rf6 23. d4 Rh8 24. dxe5 dxe5 25. Rad1 Qc8 26. Rd2 fxe4 27. Red1
Rxf2 28. Rxf2 Bxf2+ 29. Kxf2 Rxh2+ 30. Ke3 Rh8 31. Bf7 Kxf7 32. Rf1+ Ke6 33.
Qxg6+ Kd5 34. b4 Kc4 35. Qxe4+ Kb5 36. Qd5+ c5 37. Rf6 Rd8 38. a4+ Kxa4 39.
Qa2+ Kb5 40. c4+ 1-0

[Event "I SCS Open GM Chess Tournament"]
[Site "Bhubaneswar IND"]
[Date "2009.06.09"]
[Round "4"]
[White "Sergey, Vokarev"]
[Black "Nikil P, Shyam"]
[Result "1/2-1/2"]
[WhiteElo "2521"]
[BlackElo "2376"]
[PlyCount "149"]
[EventDate "2009.06.07"]
[EventType "swiss"]
[EventRounds "10"]
[EventCountry "IND"]
[Source "lmi"]
[SourceDate "2009.06.07"]

1. e4 c5 2. Nf3 d6 3. d4 cxd4 4. Nxd4 Nf6 5. Nc3 a6 6. Be2 e5 7. Nb3 Be7 8. O-O
O-O 9. Be3 Be6 10. Qd2 Nbd7 11. a4 Qc7 12. Rfd1 Rfe8 13. a5 h6 14. Qe1 Qc6 15.
Bf3 Nf8 16. Nc1 N8h7 17. Qd2 Ng4 18. Bxg4 Bxg4 19. f3 Be6 20. N1a2 Bxa2 21.
Nxa2 Rac8 22. Nb4 Qc4 23. b3 Qc3 24. Qxc3 Rxc3 25. Bd2 Rcc8 26. c4 Nf6 27. Be3
Kf8 28. Kf2 Red8 29. Ke2 Rd7 30. Ra2 Bd8 31. g4 Ke8 32. h4 Ng8 33. Nd5 Ne7 34.
Nxe7 Kxe7 35. Rd5 Ke6 36. h5 Rc6 37. Ra1 Bg5 38. Bf2 Rcc7 39. Rad1 Rc8 40. Bb6
Be7 41. Be3 Bg5 42. Bg1 Be7 43. Kd3 Bd8 44. Ra1 Bg5 45. Ra4 Rdc7 46. Rb4 Rd7
47. Bb6 Be7 48. Kc3 Bg5 49. Kd3 Be7 50. Be3 Bg5 51. Bf2 Be7 52. Ra4 Rcc7 53.
Ra2 Rc8 54. Ra1 Bd8 55. Be3 Bg5 56. Bg1 Bd8 57. Ra4 Bg5 58. Rb4 Rcc7 59. Ba7
Rc6 60. Bb6 Be7 61. Be3 Bg5 62. Bxg5 hxg5 63. Ra4 Rdc7 64. Ra2 Rc8 65. Ra1 R8c7
66. Rc1 Rc8 67. Rc2 R8c7 68. b4 Rd7 69. Rc3 Rdc7 70. Rc1 Rd7 71. Rc2 Rdc7 72.
Rc3 Rd7 73. Kc2 Rdc7 74. Kb3 Rc8 75. c5 1/2-1/2

[Event "I SCS Open GM Chess Tournament"]
[Site "Bhubaneswar IND"]
[Date "2009.06.09"]
[Round "4"]
[White "S P, Sethuraman"]
[Black "Reddy M L, Abhilash"]
[Result "1-0"]
[WhiteElo "2451"]
[BlackElo "2120"]
[PlyCount "121"]
[EventDate "2009.06.07"]
[EventType "swiss"]
[EventRounds "10"]
[EventCountry "IND"]
[Source "lmi"]
[SourceDate "2009.06.07"]

1. d4 d5 2. Nf3 Nf6 3. c4 c6 4. e3 e6 5. Bd3 dxc4 6. Bxc4 b5 7. Bd3 a6 8. O-O
c5 9. dxc5 Bxc5 10. Qe2 Qe7 11. e4 h6 12. e5 Nd5 13. a4 b4 14. Nbd2 Bb7 15. Nb3
Nd7 16. Na5 Nf8 17. Bd2 Bb6 18. Nxb7 Qxb7 19. a5 Bc5 20. Rfc1 Nd7 21. Rc4 Ke7
22. Rac1 Rhc8 23. Qe4 Qa7 24. Qh4+ Ke8 25. Qg3 Ne7 26. Qxg7 Bxf2+ 27. Kh1 Be3
28. Rxc8+ Rxc8 29. Rxc8+ Nxc8 30. Bxb4 Bc5 31. Bc3 Bf8 32. Qg4 Nc5 33. Bc2 Qd7
34. Qc4 Qb5 35. Qxb5+ axb5 36. Bd1 Na7 37. Be2 Nb3 38. Be1 Bc5 39. Bd1 Nc1 40.
Bc2 Be3 41. g3 Ne2 42. Kg2 Kd7 43. Be4 Kc7 44. Bf2 Bxf2 45. Kxf2 Nc1 46. Nd4
Na2 47. Bd3 Nb4 48. Nxb5+ Kb8 49. Bf1 Nac6 50. Nd6 Nxe5 51. Nc4 Nxc4 52. Bxc4
Nc6 53. a6 Ka7 54. Ke3 Kb6 55. Be2 Nb4 56. Kd4 Nxa6 57. Bxa6 Kxa6 58. Ke5 Kb5
59. g4 Kb4 60. h4 Kb3 61. h5 1-0

[Event "I SCS Open GM Chess Tournament"]
[Site "Bhubaneswar IND"]
[Date "2009.06.09"]
[Round "4"]
[White "Anup, Deshmukh"]
[Black "Sharma, Himanshu"]
[Result "1/2-1/2"]
[WhiteElo "2299"]
[BlackElo "2403"]
[PlyCount "32"]
[EventDate "2009.06.07"]
[EventType "swiss"]
[EventRounds "10"]
[EventCountry "IND"]
[Source "lmi"]
[SourceDate "2009.06.07"]

1. d4 d5 2. c4 c6 3. Nc3 Nf6 4. e3 a6 5. a4 e6 6. Bd3 c5 7. Nf3 Nc6 8. O-O Nb4
9. Bb1 dxc4 10. Ne5 Nd3 11. Nxd3 cxd3 12. Bxd3 Bd7 13. dxc5 Bxc5 14. Qe2 Bc6
15. Rd1 Qe7 16. e4 Nd7 1/2-1/2

[Event "I SCS Open GM Chess Tournament"]
[Site "Bhubaneswar IND"]
[Date "2009.06.09"]
[Round "4"]
[White "Saha, Suvrajit"]
[Black "Sergei, Tiviakov"]
[Result "0-1"]
[WhiteElo "2380"]
[BlackElo "2697"]
[PlyCount "128"]
[EventDate "2009.06.07"]
[EventType "swiss"]
[EventRounds "10"]
[EventCountry "IND"]
[Source "lmi"]
[SourceDate "2009.06.07"]

1. d4 Nf6 2. Nf3 e6 3. c3 b6 4. Bg5 Bb7 5. Nbd2 d6 6. e4 h6 7. Bxf6 Qxf6 8.
Bb5+ c6 9. Bd3 Qd8 10. Qe2 Be7 11. O-O-O a6 12. Kb1 Nd7 13. h4 Qc7 14. Rc1 c5
15. g4 g6 16. g5 hxg5 17. hxg5 Rxh1 18. Rxh1 b5 19. Rh8+ Nf8 20. Qe3 Rc8 21.
Nf1 d5 22. e5 b4 23. cxb4 cxd4 24. Nxd4 Qb6 25. a3 Bxg5 26. f4 Be7 27. Ng3 a5
28. Bb5+ Kd8 29. bxa5 Qxa5 30. Nge2 Kc7 31. b4 Qb6 32. Qb3 Kb8 33. a4 g5 34.
fxg5 Bxg5 35. Rh5 f6 36. Qg3 Qc7 37. a5 Bd2 38. exf6 Bxb4 39. Qxc7+ Kxc7 40. a6
Ba8 41. Rg5 Kd6 42. Rg7 Bc5 43. Re7 Ke5 44. Nb3 Rb8 45. Nxc5 Rxb5+ 46. Ka2 Rxc5
47. Re8 Rc2+ 48. Kb3 Rxe2 49. Rxf8 Bc6 50. Rc8 Re3+ 51. Kb2 Kxf6 52. a7 Re4 53.
Rxc6 Ra4 54. Rc7 Ke5 55. Kb3 Ra1 56. Rd7 Kd4 57. Kb4 e5 58. Kb5 e4 59. Kc6 Kc4
60. Kd6 e3 61. Re7 d4 62. Ke5 e2 63. Kf4 d3 64. Kf3 Rxa7 0-1

[Event "I SCS Open GM Chess Tournament"]
[Site "Bhubaneswar IND"]
[Date "2009.06.09"]
[Round "4"]
[White "Das, Debashis"]
[Black "Yuriy, Kuzubov"]
[Result "1/2-1/2"]
[WhiteElo "2352"]
[BlackElo "2632"]
[PlyCount "111"]
[EventDate "2009.06.07"]
[EventType "swiss"]
[EventRounds "10"]
[EventCountry "IND"]
[Source "lmi"]
[SourceDate "2009.06.07"]

1. e4 c5 2. Nf3 Nc6 3. d4 cxd4 4. Nxd4 g6 5. c4 Nf6 6. Nc3 Nxd4 7. Qxd4 d6 8.
Be3 Bg7 9. f3 O-O 10. Qd2 Be6 11. Rc1 Nd7 12. Be2 a5 13. b3 Nc5 14. O-O Qb6 15.
Nd5 Bxd5 16. exd5 Qb4 17. Rc2 Na6 18. Rb1 Qxd2 19. Bxd2 Nb4 20. Bxb4 axb4 21.
Bd3 Bd4+ 22. Kf1 e5 23. dxe6 fxe6 24. Be4 Rf7 25. Rd1 Be5 26. g3 g5 27. Kg2 Ra5
28. Bd3 Kf8 29. Re1 b6 30. Re4 Ke7 31. Rce2 Kd7 32. h4 h6 33. hxg5 hxg5 34. Rg4
Bc3 35. f4 Bf6 36. Rf2 Be7 37. Re2 Rf8 38. Bg6 Bf6 39. Bb1 Rc5 40. Bd3 gxf4 41.
gxf4 Rh5 42. Rg6 Ke7 43. Rg3 Rfh8 44. Kf3 Rh1 45. Bf5 e5 46. fxe5 Bxe5 47. Rg4
Rf8 48. Ke4 Rd1 49. Rg5 Rd4+ 50. Ke3 Rh4 51. Rg4 Rh5 52. Be4 Rh3+ 53. Kd2 Rc3
54. Bd5 Kd7 55. Reg2 Rf1 56. Rh4 1/2-1/2

[Event "I SCS Open GM Chess Tournament"]
[Site "Bhubaneswar IND"]
[Date "2009.06.09"]
[Round "4"]
[White "Abhijeet, Gupta"]
[Black "Atanu, Lahiri"]
[Result "1/2-1/2"]
[WhiteElo "2570"]
[BlackElo "2332"]
[PlyCount "118"]
[EventDate "2009.06.07"]
[EventType "swiss"]
[EventRounds "10"]
[EventCountry "IND"]
[Source "lmi"]
[SourceDate "2009.06.07"]

1. d4 Nf6 2. c4 g6 3. Nc3 Bg7 4. e4 d6 5. f3 O-O 6. Be3 Nc6 7. Nge2 a6 8. Qd2
Rb8 9. Rc1 e6 10. Nd1 Nd7 11. d5 Ne7 12. dxe6 fxe6 13. Nf4 Ne5 14. Nf2 b5 15.
cxb5 axb5 16. b3 b4 17. Be2 c5 18. O-O N7c6 19. N4h3 Nd4 20. f4 Nxe2+ 21. Qxe2
Nc6 22. e5 Nd4 23. Bxd4 cxd4 24. Nd3 Ba6 25. Ng5 dxe5 26. Nxe6 Qe7 27. Nxf8 e4
28. Rfe1 Bxf8 29. Qxe4 Qxe4 30. Rxe4 Bxd3 31. Rxd4 Bf5 32. Rc7 Ra8 33. Rd2 Bg7
34. h3 h5 35. Rb7 h4 36. Rxb4 Bc3 37. Ra4 Re8 38. Rd5 Re1+ 39. Kf2 Re7 40. Kf3
Kf7 41. Rc5 Bf6 42. Rac4 Bd3 43. Ra4 Bf5 44. Rb4 Rd7 45. Rbc4 Rd3+ 46. Ke2 Rg3
47. Rc7+ Be7 48. Kf2 Ke6 49. Rc1 Bd6 50. R7c4 Kd5 51. Rd1+ Bd3 52. Kg1 Bc5+ 53.
Kh1 Bd4 54. Rc8 Ke4 55. a4 Ke3 56. Re8+ Kf2 57. Rd2+ Kf1 58. Rd1+ Kf2 59. Rd2+
Kf1 1/2-1/2

[Event "I SCS Open GM Chess Tournament"]
[Site "Bhubaneswar IND"]
[Date "2009.06.09"]
[Round "4"]
[White "Alexander, Zubarev"]
[Black "Upadhyaya, Anwesh"]
[Result "1/2-1/2"]
[WhiteElo "2566"]
[BlackElo "2321"]
[PlyCount "131"]
[EventDate "2009.06.07"]
[EventType "swiss"]
[EventRounds "10"]
[EventCountry "IND"]
[Source "lmi"]
[SourceDate "2009.06.07"]

1. d4 d5 2. c4 e6 3. Nc3 Nf6 4. Nf3 c6 5. Bg5 Nbd7 6. e3 Qa5 7. Nd2 Bb4 8. Qc1
O-O 9. Be2 dxc4 10. Bxf6 Nxf6 11. Nxc4 Qc7 12. O-O b6 13. a3 Be7 14. b4 Bb7 15.
Qc2 Rac8 16. Rab1 Rfd8 17. Rfc1 Nd5 18. Ne4 Ba8 19. Ne5 f6 20. Nc4 c5 21. dxc5
bxc5 22. b5 f5 23. Ned2 Bf6 24. Rb3 g6 25. Bf3 Kg7 26. g3 e5 27. e4 Ne7 28. b6
Qd7 29. exf5 Bxf3 30. Nxf3 Nxf5 31. b7 Rb8 32. Ncxe5 Qc7 33. Nd3 Nd4 34. Nxd4
Bxd4 35. Nf4 Re8 36. Qc4 Qd7 37. Rcb1 Re7 38. a4 Qf5 39. Qd5 Qc2 40. Rf1 Qe4
41. Qxe4 Rxe4 42. a5 g5 43. Nd5 Re5 44. Ne3 Bxe3 45. fxe3 c4 46. Rb4 Rxa5 47.
e4 c3 48. Rc1 Rc5 49. Kf2 Rc7 50. Ke3 Kf6 51. Kd3 Rbxb7 52. Rxb7 Rxb7 53. Rxc3
Rb2 54. Rc6+ Kg7 55. e5 Rb4 56. Ra6 Kf7 57. Rxa7+ Ke6 58. Rxh7 Kxe5 59. Ke3
Rb3+ 60. Kf2 Kf5 61. Rf7+ Kg4 62. Kg2 Rb2+ 63. Rf2 Rxf2+ 64. Kxf2 Kh3 65. Kg1
g4 66. Kh1 1/2-1/2

[Event "I SCS Open GM Chess Tournament"]
[Site "Bhubaneswar IND"]
[Date "2009.06.09"]
[Round "4"]
[White "Kutwal, Shashikant"]
[Black "Roman, Ovetchkin"]
[Result "1/2-1/2"]
[WhiteElo "2352"]
[BlackElo "2549"]
[PlyCount "61"]
[EventDate "2009.06.07"]
[EventType "swiss"]
[EventRounds "10"]
[EventCountry "IND"]
[Source "lmi"]
[SourceDate "2009.06.07"]

1. e4 c6 2. d4 d5 3. Nc3 dxe4 4. Nxe4 Bf5 5. Ng3 Bg6 6. h4 h6 7. Nf3 Nd7 8. h5
Bh7 9. Bd3 Bxd3 10. Qxd3 e6 11. Bf4 Qa5+ 12. Bd2 Bb4 13. c3 Be7 14. c4 Qc7 15.
d5 cxd5 16. cxd5 Qd6 17. O-O-O Ngf6 18. Bc3 Qxd5 19. Qxd5 Nxd5 20. Bxg7 Rh7 21.
Bd4 Bf6 22. Ne4 Bxd4 23. Nxd4 N7f6 24. Nxf6+ Nxf6 25. f3 Rg7 26. g4 Rg5 27.
Rhe1 Rd5 28. Ne2 Rc8+ 29. Kb1 Ke7 30. Nc3 Rxd1+ 31. Rxd1 1/2-1/2

[Event "I SCS Open GM Chess Tournament"]
[Site "Bhubaneswar IND"]
[Date "2009.06.09"]
[Round "4"]
[White "Enamul, Hossain"]
[Black "D P, Singh"]
[Result "1-0"]
[WhiteElo "2531"]
[BlackElo "2306"]
[PlyCount "49"]
[EventDate "2009.06.07"]
[EventType "swiss"]
[EventRounds "10"]
[EventCountry "IND"]
[Source "lmi"]
[SourceDate "2009.06.07"]

1. e4 e5 2. Bc4 Nf6 3. d3 Be7 4. Nc3 Nc6 5. f4 d6 6. Nf3 exf4 7. Bxf4 Na5 8.
O-O c6 9. Kh1 b5 10. Bb3 O-O 11. e5 Ne8 12. exd6 Nxd6 13. Qd2 Bb7 14. Rae1 Rc8
15. Qe3 Nf5 16. Qxa7 Bb4 17. Qf2 c5 18. Re5 c4 19. Rxf5 cxb3 20. axb3 Qd7 21.
Rg5 f6 22. Rg3 Bxc3 23. bxc3 Rxc3 24. Bh6 Rf7 25. Ne5 1-0

[Event "I SCS Open GM Chess Tournament"]
[Site "Bhubaneswar IND"]
[Date "2009.06.09"]
[Round "4"]
[White "Das, Neelotpal"]
[Black "J, Ramakrishna"]
[Result "1/2-1/2"]
[WhiteElo "2514"]
[BlackElo "2292"]
[PlyCount "69"]
[EventDate "2009.06.07"]
[EventType "swiss"]
[EventRounds "10"]
[EventCountry "IND"]
[Source "lmi"]
[SourceDate "2009.06.07"]

1. d4 Nf6 2. Nf3 g6 3. Bg5 Bg7 4. Nbd2 d6 5. c3 h6 6. Bh4 g5 7. Bg3 Bf5 8. Qb3
Qc8 9. e3 Nbd7 10. Be2 c5 11. O-O Bg6 12. h3 O-O 13. a4 Qc7 14. Rfd1 cxd4 15.
exd4 Rac8 16. Re1 Rfe8 17. Bf1 Nf8 18. Nc4 Ne6 19. Ne3 a6 20. Qd1 Nf4 21. h4
Bh5 22. hxg5 hxg5 23. Nf5 Bf8 24. Bxf4 gxf4 25. Be2 e6 26. N5h4 Bh6 27. Nh2
Bxe2 28. Qxe2 Qa5 29. Ra3 Qh5 30. Qxh5 Nxh5 31. Rb3 Rb8 32. a5 Bg5 33. N4f3 Bd8
34. Ra1 Bc7 35. Nd2 1/2-1/2